<?xml version="1.0" encoding="UTF-8"?>
<record
    xmlns:xsi="http://www.w3.org/2001/XMLSchema-instance"
    xsi:schemaLocation="http://www.loc.gov/MARC21/slim http://www.loc.gov/standards/marcxml/schema/MARC21slim.xsd"
    xmlns="http://www.loc.gov/MARC21/slim">

  <leader>01087ncm a2200301 i 4500</leader>
  <controlfield tag="001">174914</controlfield>
  <controlfield tag="003">ES-MaACL</controlfield>
  <controlfield tag="005">20231106211037.0</controlfield>
  <controlfield tag="007">q|</controlfield>
  <controlfield tag="008">100701q1930    fr |||              fre d</controlfield>
  <datafield tag="080" ind1=" " ind2=" ">
    <subfield code="a">78.085</subfield>
  </datafield>
  <datafield tag="100" ind1="1" ind2=" ">
    <subfield code="a">L&#xF3;pez-Quiroga, Manuel.</subfield>
    <subfield code="9">143186</subfield>
  </datafield>
  <datafield tag="245" ind1="1" ind2="0">
    <subfield code="a">Trini&#xE1; [</subfield>
    <subfield code="h">M&#xFA;sica impresa] </subfield>
    <subfield code="b">: paso doble / </subfield>
    <subfield code="c">musique, Quiroga ; paroles espagnoles, Valverde y Le&#xF3;n ; paroles fran&#xE7;aises, Maurice Peguy.</subfield>
  </datafield>
  <datafield tag="246" ind1="3" ind2=" ">
    <subfield code="a">Trini&#xE1; : </subfield>
    <subfield code="b">chanson pasodoble du film "Mar&#xED;a de la O"</subfield>
  </datafield>
  <datafield tag="260" ind1=" " ind2=" ">
    <subfield code="a">Paris : </subfield>
    <subfield code="b">Julio Garzon, </subfield>
    <subfield code="c">[ca. 1930] (</subfield>
    <subfield code="f">Imp. Rolland)</subfield>
  </datafield>
  <datafield tag="300" ind1=" " ind2=" ">
    <subfield code="a">[4] p. : </subfield>
    <subfield code="b">il., partitura ; </subfield>
    <subfield code="c">27 cm.</subfield>
  </datafield>
  <datafield tag="490" ind1="1" ind2=" ">
    <subfield code="a">Derniers succ&#xE8;s</subfield>
  </datafield>
  <datafield tag="650" ind1=" " ind2="4">
    <subfield code="a">Pasodobles.</subfield>
    <subfield code="9">174730</subfield>
  </datafield>
  <datafield tag="650" ind1=" " ind2="4">
    <subfield code="a">Canci&#xF3;n espa&#xF1;ola.</subfield>
    <subfield code="9">174731</subfield>
  </datafield>
  <datafield tag="650" ind1=" " ind2="4">
    <subfield code="a">Canciones-</subfield>
    <subfield code="v">Partituras.</subfield>
    <subfield code="9">10721</subfield>
  </datafield>
  <datafield tag="700" ind1="1" ind2=" ">
    <subfield code="a">Valverde, Salvador.</subfield>
    <subfield code="9">113016</subfield>
  </datafield>
  <datafield tag="700" ind1="1" ind2=" ">
    <subfield code="a">Le&#xF3;n, Rafael de,</subfield>
    <subfield code="d">1908-1982</subfield>
    <subfield code="9">71595</subfield>
  </datafield>
  <datafield tag="700" ind1="1" ind2=" ">
    <subfield code="a">Molina, Miguel de.</subfield>
    <subfield code="9">81898</subfield>
  </datafield>
  <datafield tag="830" ind1="1" ind2=" ">
    <subfield code="a">Derniers succ&#xE8;s</subfield>
    <subfield code="9">223814</subfield>
  </datafield>
  <datafield tag="852" ind1="4" ind2=" ">
    <subfield code="a">ES-MaACL</subfield>
    <subfield code="j">2279-F-10    </subfield>
    <subfield code="z">-  Biblioteca Jacinto Mart&#xED;nez Lacalle</subfield>
  </datafield>
  <datafield tag="942" ind1=" " ind2=" ">
    <subfield code="2">udc</subfield>
  </datafield>
  <datafield tag="999" ind1=" " ind2=" ">
    <subfield code="c">174914</subfield>
    <subfield code="d">174914</subfield>
  </datafield>
  <datafield tag="952" ind1=" " ind2=" ">
    <subfield code="0">0</subfield>
    <subfield code="1">0</subfield>
    <subfield code="2">udc</subfield>
    <subfield code="4">0</subfield>
    <subfield code="7">0</subfield>
    <subfield code="8">Colecci&#xF3;n_de_folletos</subfield>
    <subfield code="a">ATENEOM</subfield>
    <subfield code="b">ATENEOM</subfield>
    <subfield code="c">DEPOF</subfield>
    <subfield code="d">2010-07-01</subfield>
    <subfield code="l">0</subfield>
    <subfield code="o">2279-F-10</subfield>
    <subfield code="p">1183648</subfield>
    <subfield code="r">2023-02-23 00:00:00</subfield>
    <subfield code="w">2023-02-23</subfield>
    <subfield code="y">FOLLETOS</subfield>
  </datafield>
</record>
